000 00479nam a2200193 a 4500
005 20210219153239.0
008 991125n 000 0 eng u
035 _aUPN01000085508
100 _aTEILHET, Raoul
222 _aTHE EDUCATIONAL FORUM
245 _aA letter from teachers
300 _a409-415
362 _a1968 Vol. 32, no. 4, may.
653 0 _aEDUCACION PREESCOLAR
653 0 _aMAESTROS
653 0 _aNIÑOS
904 _aAC
_b023319
905 _aArticulo
999 _c71951
_d71951